| 000 | 00565cam a22002171 4500 | ||
|---|---|---|---|
| 001 | sa 66000224 | ||
| 003 | DLC | ||
| 005 | 20260227112213.0 | ||
| 008 | 891010s1965 ii ach b 000 0 hino | ||
| 010 | _asa 66000224 | ||
| 035 | _a(OCoLC)20465358 | ||
| 040 |
_aDLC _cWaU _dDLC |
||
| 050 | 0 | 0 |
_aQA21 _b.M58 |
| 100 | 1 |
_aMohan, Brij, _d1908-1990. |
|
| 245 | 1 | 0 | _aGaṇita kā itihāsa. |
| 260 | _c[1965] | ||
| 300 |
_a24, 500 p. _billus., facsims., ports. _c23 cm. |
||
| 500 | _aIn Hindi. | ||
| 504 | _aIncludes bibliographies. | ||
| 650 | 0 |
_aMathematics _xHistory. |
|
| 999 |
_c67131 _d67131 |
||